Challenges Ahead Long-Term Perspectives of the German Economy

Salvato in:
Dettagli Bibliografici
Autore principale: Paqué, Karl-Heinz
Altri autori: Soltwedel, Rüdiger
Natura: Libro
Lingua:inglese
Pubblicazione: Kiel Institut für Weltwirtschaft 1993
Edizione:1. ed.
Serie:Kiel Discussion Papers 202/203
Soggetti:
Tags: Aggiungi Tag
Nessun Tag, puoi essere il primo ad aggiungerne!!

MARC

LEADER 00000nam a2200000 4500
001 c010695
005 20221206074541.0
020 |a 3-89456-044-4 
041 0 |a eng 
044 |a DE 
245 1 0 |a Challenges Ahead  |b Long-Term Perspectives of the German Economy  |c Karl-Heinz Paqué, Rüdiger Soltwedel a kol. 
250 |a 1. ed. 
264 1 |a Kiel  |b Institut für Weltwirtschaft  |c 1993 
300 |a 61 s. 
490 1 |a Kiel Discussion Papers  |v 202/203 
830 0 |a Kiel Discussion Papers  |v 202/203 
610 2 0 |a rast hospodársky dlhodobý 
610 2 0 |a rozvoj hospodársky 
610 2 0 |a transformácia 
610 2 0 |a integrácia ekonomická medzinárodná 
610 2 0 |a reformy hospodárske 
610 2 0 |a reformy poľnohospodárske 
610 2 0 |a demografia 
610 2 0 |a trh práce 
610 2 0 |a infraštruktúra 
610 2 0 |a východná Európa 
610 2 0 |a stredná Európa 
610 2 0 |a Nemecko 
100 1 |a Paqué, Karl-Heinz 
700 1 |a Soltwedel, Rüdiger